Validation tool for road sign mapping in real time

Uložené v:
Podrobná bibliografia
Hlavný autor: Kastler, David (Autor)
Ďalší autori: Galinski, Marek (Vedúci práce)
Médium: Rukopis Kniha
Jazyk:Slovak
English
Vydavateľské údaje: 2025
Predmet:
On-line prístup:http://is.stuba.sk/zp/portal_zp.pl?podrobnosti=184052
Tagy: Pridať tag
Žiadne tagy, Buďte prvý, kto otaguje tento záznam!

MARC

LEADER 00000ntm a22000003a 4500
001 stuzp105827
003 SK-STU
005 20250607211739.9
007 ta
008 150427s2015----xo-----f-mn---000-0-slo-d
040 |a STU  |b slo 
041 0 |a eng 
100 1 |a Kastler, David  |u 070400  |4 aut  |U FIIT Fakulta informatiky a informačných technológií  |T FIIT Ústav počítačového inžinierstva a aplikovanej informatiky  |X 110972  |U I400  |Y 672  |7 110972 
242 0 1 |a Validačný nástroj na mapovanie dopravného značenia v reálnom čase  |y slo 
245 1 0 |a Validation tool for road sign mapping in real time 
260 |c 2025 
650 4 |a Artificial Intelligence  |2 eng 
650 4 |a Traffic Sign Recognition  |2 eng 
650 4 |a Image recognition  |2 eng 
650 4 |a Smart Transportation Systems  |2 eng 
650 4 |a Computer Vision  |2 eng 
650 4 |a Inteligentné dopravné systémy  |2 slo 
650 4 |a Rozpoznávanie dopravných značiek  |2 slo 
650 4 |a Rozpoznávanie obrazu  |2 slo 
650 4 |a Počítačové videnie  |2 slo 
650 4 |a Umelá inteligencia  |2 slo 
700 1 |a Galinski, Marek  |u 070400  |k Z1  |4 ths  |U FIIT Fakulta informatiky a informačných technológií  |T FIIT Ústav počítačového inžinierstva a aplikovanej informatiky  |X 8412  |U I400  |Y 672  |7 8412 
856 4 |u http://is.stuba.sk/zp/portal_zp.pl?podrobnosti=184052